书目信息 |
| 题名: |
克里希那穆提的生与死
|
|
| 作者: | 鲁琴斯 著 ;程悦 译 | |
| 分册: | ||
| 出版信息: | 北京 九州出版社 2024.06 |
|
| 页数: | 10,344页 | |
| 开本: | 21cm | |
| 丛书名: | ||
| 单 册: | ||
| 中图分类: | B351.5 | |
| 科图分类: | ||
| 主题词: | ||
| 电子资源: | ||
| ISBN: | 978-7-5225-2935-6 | |
| 000 | 00975nam0 2200253 450 | |
| 001 | 013026503 | |
| 005 | 20251023090204.17 | |
| 010 | @a978-7-5225-2935-6@b精装@dCNY68.00 | |
| 100 | @a20240717d2024 em y0chiy0120 ea | |
| 101 | 1 | @achi@ceng |
| 102 | @aCN@b110000 | |
| 105 | @aa z 000yb | |
| 106 | @ar | |
| 200 | 1 | @a克里希那穆提的生与死@9ke li xi na mu ti de sheng yu si@dThe life and death of Krishnamurti@f(英)玛丽·鲁琴斯著@g程悦译@zeng |
| 210 | @a北京@c九州出版社@d2024.06 | |
| 215 | @a10,344页@c照片@d21cm | |
| 330 | @a本书是克里希那穆提的终生挚友为他所写的传记,收录有作者本人和相关人士所收藏的数十张宝贵照片,展示了这位哲师伟大而迷人的一生。 | |
| 510 | 1 | @aLife and death of Krishnamurti@zeng |
| 600 | 0 | @a克里希那穆提@c(Jiddu Krishnamurti@f1895-1986)@x传记 |
| 690 | @aB351.5@v5 | |
| 701 | 0 | @c(英)@a鲁琴斯@9lu qin si@c(女,Lutyens, Mary)@4著 |
| 702 | 0 | @a程悦@9cheng yue@4译 |
| 801 | 0 | @aCN@c20250911 |
| 905 | @a河南城建学院图书馆@dB351.5@eK657@ZK657@f1 | |
| 克里希那穆提的生与死=The life and death of Krishnamurti/(英)玛丽·鲁琴斯著/程悦译.-北京:九州出版社,2024.06 |
| 10,344页:照片;21cm |
| ISBN 978-7-5225-2935-6(精装):CNY68.00 |
| 本书是克里希那穆提的终生挚友为他所写的传记,收录有作者本人和相关人士所收藏的数十张宝贵照片,展示了这位哲师伟大而迷人的一生。 |
| ● |
| 相关链接 |
|
|
|
正题名:克里希那穆提的生与死
索取号:B351.5/K657
 
预约/预借
| 序号 | 登录号 | 条形码 | 馆藏地/架位号 | 状态 | 备注 |
| 1 | 1636192 | 216361924 | 社科库509/509社科库 16排2列3层/ [索取号:B351.5/K657] | 在馆 |